=LDR 00000nam 2200000 4500 =001 INLIS000000000021493 =005 20130612120342 =008 ***********************************Ind** =035 ##$$0010-061300000021493 =041 ##$$a Ind =082 ##$$a 379.1 =090 ##$$a 379.1, Aei p =100 ##$$a ARIKUNTO, Suharsimi =245 ##$$a Penilaian program pendidikan, Suharsimi Arikunton =260 ##$$a 1988 $b Jakarta =300 ##$$a xii, 301 hlm, Ilus, 21 cm =850 ##$$a NBPNMAT